Die meisten bewaldeten Länder (%) • A-Z - Statistiken

Allgemein
  • Dieses Quiz wurde 250 mal gespielt
  • Das Durchschnittsergebnis liegt bei 12 aus 23
Antwortstatistiken
% Wald Land % Korrekt
E 61.00% Europa Estland
77%
F 72.00% Europa Finnland
77%
R 49.40% Europa Russland
73%
H 60.00% Amerika Honduras
67%
K 65.70% Afrika Kongo, Republik
67%
A 47.41% Afrika Angola
66%
I 46.46% Asien Indonesien
63%
C 40.00% Amerika Costa Rica
59%
J 67.00% Asien Japan
58%
L 71.60% Asien Laos
58%
B 71.98% Amerika Belize
56%
M 89.74% Ozeanien Mikronesien
55%
W 38.60% Europa Weißrussland
55%
T 89.12% Ozeanien Tuvalu
54%
P 87.15% Ozeanien Palau
53%
G 85.00% Afrika Gabun
50%
V 51.68% Amerika Venezuela
48%
U 23.00% Europa Ungarn
47%
D 65.00% Amerika Dominica
45%
O 53.65% Asien Osttimor
39%
S 90.20% Amerika Suriname
36%
N 73.00% Asien Nordkorea
22%
Z 36.53% Afrika Zentral­afrikanische Republik
13%
Keine übereinstimmenden Quizze gefunden
Verteilung der Resultate
Anzahl Personen mit jedem Resultat
Perzentil nach korrekt beantworteten Fragen
Ihre Resultats-Entwicklung
Sie haben dieses Quiz noch nicht gespielt